000 00515nam a2200181Ia 4500
999 _c30161
_d30161
003 OSt
005 20201228132022.0
008 190216s9999||||xx |||||||||||||| ||und||
020 _a9788182671270
040 _coclc
082 _a894.812301
_bSRE/I
100 _aSreeraman, V K
_96815
245 0 _aItharavazhvukal /
_cV K Sreeraman
260 _bMathrubhumi Books,
_c2006.
_aKozhikode:
300 _a160p
650 _aMalayalam
942 _cBK
_2ddc
_h894.812301
_iSRE/I
_k894.812301
_mSRE/I